00250nam a2200109Ia 4500008004100000100002000041245001700061260001800078650002000096942000700116999001700123190216s9999||||xx |||||||||||||| ||und|| aAchutha Menon C 0aPradikshinam bCurrent Books aEssay Malayalam cBK c24590d24590